LDR 00708naa#a2200193#i#450# 001 EN\\bibl\119764 005 20260702064448.4 011 ## _a1815-588X 100 ## _a20250321b2025####ek#y0engy0150####ca 102 ## _aRU 200 1# _aEngineering Survey and Calculations of the Sukharny Tunnel on Lozovo-Sevastopol Railway _eJournal article 210 1# _aSaint-Petersburg _cFSBEI HE "Emperor Alexander I St. Petersburg State Transport University" _d2025 215 ## _a12 с. 608 ## _aJournal article _2local 675 ## _aТранспортные тоннели. 624.195 _z 700 #1 _aKavkazskiy _gVladimir Nikolaevich 700 #1 _aSolov'ev _gDmitriy Andreevich 700 #1 _aSolov'ev _gRoman Andreevich 856 4# _aatjournal.ru _u